Social media 101 : (Record no. 13583)
[ view plain ]
| 000 -LEADER | |
|---|---|
| fixed length control field | 01314cam a2200313 a 4500 |
| 001 - CONTROL NUMBER | |
| control field | 13583 |
| 003 - CONTROL NUMBER IDENTIFIER | |
| rucl marc code | BD-RjUL |
| 005 - DATE AND TIME OF LATEST TRANSACTION | |
| control field | 20211208235458.0 |
| 008 - FIXED-LENGTH DATA ELEMENTS--GENERAL INFORMATION | |
| fixed length control field | 140201s2010 nju b 001 0 eng |
| 020 ## - INTERNATIONAL STANDARD BOOK NUMBER | |
| International Standard Book Number | 9780470563410 (cloth) : |
| International Standard Book Number | 0470563419 (cloth) : |
| 035 ## - SYSTEM CONTROL NUMBER | |
| System control number | (BD-RjUL)13635 |
| -- | (OCoLC)ocn473452603 |
| 040 ## - CATALOGING SOURCE | |
| Original cataloging agency | DLC |
| Transcribing agency | DLC |
| Modifying agency | BTCTA |
| -- | VP@ |
| -- | DLC |
| -- | BD-RjUL |
| Language of cataloging | eng |
| 041 ## - LANGUAGE CODE | |
| Language code of text/sound track or separate title | eng |
| 082 00 - DEWEY DECIMAL CLASSIFICATION NUMBER | |
| Classification number | 658.872 |
| Edition number | 22 |
| Author mark and year | BRS 2010 |
| 100 1# - MAIN ENTRY--PERSONAL NAME | |
| Personal name | Brogan, Chris. |
| 9 (RLIN) | 42472 |
| 245 10 - TITLE STATEMENT | |
| Title | Social media 101 : |
| Remainder of title | tactics and tips to develop your business online / |
| Statement of responsibility, etc. | Chris Brogan. |
| 260 ## - PUBLICATION, DISTRIBUTION, ETC. (IMPRINT) | |
| Place of publication, distribution, etc. | Hoboken, N.J. : |
| Name of publisher, distributor, etc. | Wiley, |
| Date of publication, distribution, etc. | c2010. |
| 300 ## - PHYSICAL DESCRIPTION | |
| Pagination | xiv, 337 p. ; |
| Size | 19 cm. |
| 504 ## - BIBLIOGRAPHY, ETC. NOTE | |
| Bibliography, etc | Includes bibliographical references and index. |
| 505 0# - FORMATTED CONTENTS NOTE | |
| Formatted contents note | Above all else : people -- What social media does best -- Social media does not replace marketing strategy -- Making business sense of social media -- Social media as personal power -- Social media for your career -- Threading some trends together -- The vital importance of your network. |
| 650 #0 - SUBJECT ADDED ENTRY--TOPICAL TERM | |
| Topical term or geographic name as entry element | Internet marketing. |
| 9 (RLIN) | 1334 |
| Topical term or geographic name as entry element | Social media |
| General subdivision | Economic aspects. |
| 9 (RLIN) | 42473 |
| Topical term or geographic name as entry element | Customer relations |
| General subdivision | Management. |
| 9 (RLIN) | 42474 |
| Topical term or geographic name as entry element | Information technology |
| General subdivision | Management. |
| 9 (RLIN) | 42475 |
| 942 ## - ADDED ENTRY ELEMENTS (KOHA) | |
| Source of classification or shelving scheme | Dewey Decimal Classification |
| Koha item type | Books |
| Lost status | Source of classification or shelving scheme | Damaged status | Not for loan | Collection code | Permanent Location | Current Location | Shelving location | Date acquired | Source of acquisition | Cost, normal purchase price | Total Checkouts | Full call number | Date last seen | Copy number | Koha item type |
|---|---|---|---|---|---|---|---|---|---|---|---|---|---|---|---|
| Dewey Decimal Classification | Not For Loan | Non-fiction | Central Library, University of Rajshahi | Central Library, University of Rajshahi | Reading Room | 01/10/2013 | Asia foundation | 22.95 | 658.872 BRS 2010 | 01/02/2014 | C-2 | Books | |||
| Dewey Decimal Classification | Non-fiction | Central Library, University of Rajshahi | Central Library, University of Rajshahi | 01/10/2013 | Asia foundation | 22.95 | 658.872 BRS 2010 | 01/02/2014 | C-1 | Books |